Magyarországi vállalatok finanszírozási döntései
| Main Author: | |
|---|---|
| Other Authors: | |
| Format: | Thesis |
| Kulcsszavak: | 21th century ábrák állami szerepvállalás banki finanszírozás beruházás(ok) finanszírozása kis- és középvállalkozás - KKV |
| Online Access: | http://dolgozattar.uni-bge.hu/60346 |
MARC
| LEADER | 00000nta a2200000 i 4500 | ||
|---|---|---|---|
| 001 | dolg60346 | ||
| 005 | 20260409150450.0 | ||
| 008 | 260409suuuu hu om 000 hun d | ||
| 040 | |a BGE Dolgozattár Repozitórium |b hun | ||
| 041 | |a hu | ||
| 100 | 1 | |a Bánszki Dávid | |
| 245 | 1 | 0 | |a Magyarországi vállalatok finanszírozási döntései |c Bánszki Dávid |h [elektronikus dokumentum] |
| 520 | 3 | |a Magyarországi vállalatok finanszírozási döntéseinek a vizsgálata. A dolgozat mélyreható szakirodalmi feldogozással alapozza meg a szükséges tudást a vállalati téma feldolgozásához. Magyarország specifikus finanszírozási formákat elemez, a finanszírozási formákat piaci adatokkal való elemzése. Továbbá saját készítésű kutatás szerepel a dolgozatban a magyar KKV-k finanszírozási döntéseivel kapcsolatban. A dolgozat tartalmazza a kutatás eredményeit, eredményeinek elemzését, megértését és a következtetések levonását. | |
| 695 | |a 21th century | ||
| 695 | |a ábrák | ||
| 695 | |a állami szerepvállalás | ||
| 695 | |a banki finanszírozás | ||
| 695 | |a beruházás(ok) finanszírozása | ||
| 695 | |a kis- és középvállalkozás - KKV | ||
| 700 | 1 | |a Hegedűs Dr. Szilárd |e ths | |
| 856 | 4 | 0 | |u http://dolgozattar.uni-bge.hu/60346/1/B%C3%A1nszki%20D%C3%A1vid%20-%20G17N3Z%20-%20P%C3%A9nz%C3%BCgy%20mesterk%C3%A9pz%C3%A9s%20-%20Szakdolgozat.pdf |z Dokumentum-elérés |
| 856 | 4 | 0 | |u http://dolgozattar.uni-bge.hu/60346/2/B%C3%A1nszki%20D%C3%A1vid.pdf |z Dokumentum-elérés |